| 000 | 00560nam a2200181 a 4500 | ||
|---|---|---|---|
| 001 | 1702 | ||
| 003 | CDMR | ||
| 005 | 20130308125305.0 | ||
| 008 | 130130s2003||||||||||||||||||||||||||||d | ||
| 020 | _a8493038490 | ||
| 040 |
_aCDMR _bcat _cCPC GIRONA |
||
| 100 | 1 |
_aLuzón, Virginia _91266 |
|
| 245 | 1 | 0 |
_aInternet, l'eina inevitable _b: periodistes, mitjans i missatges en la xarxa _cVirginia Luzón Fernández |
| 260 |
_bDiputació de Barcelona _aBarcelona |
||
| 260 |
_c2003 _bCol·legi de Periodistes de Catalunya |
||
| 490 | 0 |
_aOnes i bits _v4 |
|
| 942 |
_cMON _2udc |
||
| 999 |
_c1702 _d1702 |
||